Detalles MARC
| 000 -CABECERA |
| campo de control de longitud fija |
01853nam a2200277 i 4500 |
| 003 - IDENTIFICADOR DEL NÚMERO DE CONTROL |
| campo de control |
DO-SdBNP |
| 005 - FECHA Y HORA DE LA ÚLTIMA TRANSACCIÓN |
| campo de control |
20230502100201.0 |
| 006 - CÓDIGOS DE INFORMACIÓN DE LONGITUD FIJA--CARACTERÍSTICAS DEL MATERIAL ADICIONAL |
| campo de control de longitud fija |
a||||gr|||| 00| 0 |
| 007 - CAMPO FIJO DE DESCRIPCIÓN FÍSICA--INFORMACIÓN GENERAL |
| campo de control de longitud fija |
ta |
| 008 - DATOS DE LONGITUD FIJA--INFORMACIÓN GENERAL |
| campo de control de longitud fija |
230420e1926 dr |||gr|||| 001 e eng d |
| 040 ## - FUENTE DE LA CATALOGACIÓN |
| Centro catalogador/agencia de origen |
DO-SdBNP |
| Lengua de catalogación |
spa |
| Centro/agencia transcriptor |
BNPHU |
| Normas de descripción |
rda |
| 041 07 - CÓDIGO DE LENGUA |
| Código de lengua original |
eng |
| 082 #4 - NÚMERO DE LA CLASIFICACIÓN DECIMAL DEWEY |
| Número de edición |
22 |
| Número de documento/Ítem |
S237d |
| 245 ## - MENCIÓN DE TÍTULO |
| Título |
Santo Domingo--Dominican Republic (in the west indies) 1905 to 1925 : |
| Resto del título |
its commerce, shiping, customs procedure, port facilities and other information of interest to merchants, shipperes, captains of vessels. / |
| Mención de responsabilidad, etc. |
compilado por: Walter M. St. Elmo. |
| 264 33 - PRODUCCIÓN, PUBLICACIÓN, DISTRIBUCIÓN, FABRICACIÓN Y COPYRIGHT |
| Producción, publicación, distribución, fabricación y copyright |
Santo Domingo : |
| Nombre del de productor, editor, distribuidor, fabricante |
J. R. Vda. García, |
| Fecha de producción, publicación, distribución, fabricación o copyright |
1926 |
| 300 ## - DESCRIPCIÓN FÍSICA |
| Extensión |
175 páginas ; |
| Dimensiones |
23 cm. |
| 336 ## - TIPO DE CONTENIDO |
| Fuente |
rdaconten |
| Término de tipo de contenido |
texto |
| Código de tipo de contenido |
txt |
| 337 ## - TIPO DE MEDIO |
| Fuente |
rdamedia |
| Nombre/término del tipo de medio |
sin medición |
| Código del tipo de medio |
n |
| 338 ## - TIPO DE SOPORTE |
| Fuente |
rdacarrier |
| Nombre/término del tipo de soporte |
volumen |
| Código del tipo de soporte |
nc |
| 500 ## - NOTA GENERAL |
| Nota general |
Having commercial relations whit, or interest in the Domincan Republic, and to those seeking new fields, whether for trade, investment or travel in the west indies. offered as little commercial-industrial propaganda.<br/>A helpful "boost" containing many brief item of dependable inflrmation concernieng the "country whitz a |
| 500 ## - NOTA GENERAL |
| Nota general |
Incluye índice, página 169 - 175 |
| 505 ## - NOTA DE CONTENIDO CON FORMATO |
| Título |
Opportunities of investment.-- |
| -- |
Industrial Possibilties.-- |
| -- |
Historical points of interest.-- |
| -- |
Columbus memorial.-- |
| -- |
Highways and railways.-- |
| -- |
Public improvements.-- |
| -- |
Entry porsta and whartf facilities.-- |
| -- |
Steamship lines.-- |
| -- |
General information.-- |
| -- |
Hains for shippers and importers.-- |
| -- |
Hinst for shippers and importers.-- |
| -- |
Hinst for captains of vessels.-- |
| -- |
Texes affecting imports and exports.-- |
| -- |
Foreign debt.-- |
| -- |
Statistical tables.-- |
| -- |
Trade balances-imports- exports.-- |
| -- |
Exports, 1905 to 1925.-- |
| -- |
Indez to exports.-- |
| -- |
Imports, 1905 to 1925.-- |
| -- |
Index to imports. |
| 590 ## - NOTA LOCAL (RLIN) |
| Nota local |
Inventariado 2023 / MF |
| 700 ## - PUNTO DE ACCESO ADICIONAL--NOMBRE DE PERSONA |
| Nombre de persona |
Walter M. St. Elmo. |
| 9 (RLIN) |
83292 |
| 942 ## - ELEMENTOS DE PUNTO DE ACCESO ADICIONAL (KOHA) |
| Fuente del sistema de clasificación o colocación |
Dewey Decimal Classification |
| Tipo de ítem Koha |
Libro |